Fyzikálno-chemické a mikroštrukturálne vlastnosti geopolymérov s rôznymi prekurzormi kalcinovaného ílu

Guardado en:
Detalles Bibliográficos
Autor principal: Nociar, Patrik (Autor)
Otros Autores: Slaný, Michal (Orientador)
Formato: Manuscrito Libro
Lenguaje:eslovaco
Publicado: 2025
Materias:
Acceso en línea:http://is.stuba.sk/zp/portal_zp.pl?podrobnosti=182778
CRZP
Etiquetas: Agregar Etiqueta
Sin Etiquetas, Sea el primero en etiquetar este registro!

MARC

LEADER 00000ntm a22000003a 4500
001 stuzp102113
003 SK-STU
005 20250729143017.8
007 ta
008 150427s2015----xo-----f-mn---000-0-slo-d
040 |a STU  |b slo 
041 0 |a slo 
100 1 |a Nociar, Patrik  |u 010200  |4 aut  |U SvF Stavebná fakulta  |T SvF Katedra materiálového inžinierstva a fyziky  |X 97712  |U V200  |Y 844  |7 97712 
242 0 1 |a Physico-chemical and microstructural properties of geopolymers with different calcined clay precursors  |y eng 
245 1 0 |a Fyzikálno-chemické a mikroštrukturálne vlastnosti geopolymérov s rôznymi prekurzormi kalcinovaného ílu 
260 |c 2025 
650 4 |a calcination  |2 eng 
650 4 |a properties  |2 eng 
650 4 |a geopolymers  |2 eng 
650 4 |a kalcinácia  |2 slo 
650 4 |a vlastnosti  |2 slo 
650 4 |a geopolyméry  |2 slo 
700 1 |a Slaný, Michal  |u 010200  |k Z2  |4 ths  |U SvF Stavebná fakulta  |T SvF Katedra materiálového inžinierstva a fyziky  |X 60027  |U V200  |Y 844  |7 60027 
856 4 |u http://is.stuba.sk/zp/portal_zp.pl?podrobnosti=182778 
856 4 |u https://opac.crzp.sk/?fn=detailBiblioForm&sid=BBB70232DB8D19E5F026BEDCF3EF  |z CRZP